书目信息 |
| 题名: |
微生物学实验
|
|
| 作者: | 赵斌 , 何绍江 主编 | |
| 分册: | ||
| 出版信息: | 北京 科学出版社 2002 |
|
| 页数: | 285页 | |
| 开本: | 23cm | |
| 丛书名: | ||
| 单 册: | ||
| 中图分类: | Q93-33 | |
| 科图分类: | ||
| 主题词: | 微生物学--生物技术 , 微生物学--实验 | |
| 电子资源: | ||
| ISBN: | 7-03-010648-2 | |
| 000 | 00733nam0 2200253 450 | |
| 001 | 0554032640 | |
| 005 | 20051020150659.32 | |
| 010 | @a7-03-010648-2@dCNY24.00 | |
| 092 | @aCN | |
| 100 | @a20051020d2002 km y0chiy0120 ea | |
| 101 | 0 | @achi |
| 102 | @aCN@b110000 | |
| 200 | 1 | @a微生物学实验@Awei sheng wu xue shi yan@f赵斌,何绍江主编@Fzhao bin,he shao jiang zhu bian |
| 210 | @a北京@c科学出版社@d2002 | |
| 215 | 1 | @a285页@d23cm |
| 300 | @a21世纪高等院校教材—生物科学系列 | |
| 300 | @a国家理科基地教材 | |
| 606 | 0 | @a微生物学@x生物技术 |
| 606 | 0 | @a微生物学@x实验 |
| 690 | @aQ93-33@v4 | |
| 701 | 0 | @a赵斌@Azhao bin@4主编 |
| 701 | 0 | @a何绍江@Ahe shao jiang@4主编 |
| 801 | 0 | @aCN@bPFT@c20051020 |
| 905 | @a10447@dQ93-33@e38 | |
| 微生物学实验/赵斌,何绍江主编.-北京:科学出版社,2002 |
| 285页;23cm |
| 21世纪高等院校教材—生物科学系列.-国家理科基地教材 |
| ISBN 7-03-010648-2:CNY24.00 |
| ● |
| 相关链接 |
|
|
|
|
正题名:微生物学实验
索取号:Q93-33/38
 
预约/预借
| 序号 | 登录号 | 条形码 | 馆藏地/架位号 | 状态 | 备注 |
| 1 | 0349153 | 203491532 | 第二样本阅览室/ [索取号:Q93-33/38] | 在馆 | |
| 2 | 0349154 | 203491541 | 第三借阅区/ [索取号:Q93-33/38] | 在馆 | |
| 3 | 0349155 | 203491550 | 第三借阅区/ [索取号:Q93-33/38] | 在馆 | |
| 4 | 0349156 | 203491569 | 第三借阅区/ [索取号:Q93-33/38] | 在馆 | |
| 5 | 0349157 | 203491578 | 第三借阅区/ [索取号:Q93-33/38] | 在馆 |